000 00581nam a2200229Ia 4500
003 OSt
005 20221006151824.0
006 a|||||r|||| 00| 0
007 ta
008 221006b |||||||| |||| 00| 0 eng d
020 _c200.00
024 _a23,525
037 _cTextual
040 _aEASL
_cEASL
_beng
041 _2eng
_aeng
100 _aCHANDRA Satish
245 0 _aMinorities in national and international law
260 _aNew Delhi
_bDeep and Deep
_c1985
300 _a376p.
_ccm.
942 _cTEXL
_2CC
999 _c1091611
_d1091611